000 00550nam a2200181Ia 4500
008 090122s9999 xx 000 0 und d
082 _b13795
_a891.466
100 _aशेवते
_bअरुण
245 _aस्नेहांकित
260 _bऔदुंबर
_c2000
300 _a148
501 _aदेणगी- श्री विष्णु सोमण
600 _aशेवते
630 _aस्नेहांकित
700 _aशेवते
730 _aस्नेहांकित
942 _cBOOK
999 _c37872
_d37872